EÚ a Brazília: rovnocenní partneri

Európske spoločenstvá a Brazília nadviazali diplomatické vzťahy už v 60. rokoch min. storočia, len niekoľko rokov po vzniku spoločných európskych inštitúcií. Vzťahy sa odvtedy stabilne udržovali. Na striedavej intenzite vzťahov sa podpísali politické a ekonomické zmeny v rámci oboch zúčastnených str...

Celý popis

Uložené v:
Podrobná bibliografia
Hlavný autor: Lazarou, Elena
Médium: Kapitola
Jazyk:Slovak
Predmet:
Tagy: Pridať tag
Žiadne tagy, Buďte prvý, kto otaguje tento záznam!

MARC

LEADER 00000naa a2200000 4500
001 0136198
005 20231018094133.3
041 0 |a slo 
044 |a SK 
245 1 0 |a EÚ a Brazília: rovnocenní partneri  |c Elena Lazarou 
520 |a Európske spoločenstvá a Brazília nadviazali diplomatické vzťahy už v 60. rokoch min. storočia, len niekoľko rokov po vzniku spoločných európskych inštitúcií. Vzťahy sa odvtedy stabilne udržovali. Na striedavej intenzite vzťahov sa podpísali politické a ekonomické zmeny v rámci oboch zúčastnených strán. 
610 2 0 |a politika medzinárodná 
610 2 0 |a vzťahy medzinárodné 
610 2 0 |a spolupráca hospodárska medzinárodná 
610 2 0 |a partnerstvo strategické 
610 2 0 |a Európska únia 
610 2 0 |a Brazília 
100 1 |a Lazarou, Elena